| 000 | 00534 a2200205 4500 | ||
|---|---|---|---|
| 005 | 20260406153649.0 | ||
| 008 | 260406b |||||||| |||| 00| 0 eng d | ||
| 020 |
_a9789363868618 _cRs. 595.00 |
||
| 040 | _aMAIN | ||
| 082 |
_a005.133 _bS82P |
||
| 100 | _aShovic, John C | ||
| 245 | _aPython essentials for dummies | ||
| 260 |
_bWiley India _c2025 _aNew Delhi |
||
| 300 | _aix, 180 | ||
| 650 | _aComputer Science | ||
| 650 | _aPython- Programming Language | ||
| 650 | _aData Science | ||
| 700 | _aSimpson, Alan | ||
| 942 | _cBK | ||
| 999 |
_c397233 _d397233 |
||